Detalles MARC
| 000 -CABECERA |
| campo de control de longitud fija |
01798nam a2200253 4500 |
| 003 - IDENTIFICADOR DEL NÚMERO DE CONTROL |
| campo de control |
vecauma |
| 005 - FECHA Y HORA DE LA ÚLTIMA TRANSACCIÓN |
| campo de control |
20260410203040.0 |
| 007 - CAMPO FIJO DE DESCRIPCIÓN FÍSICA--INFORMACIÓN GENERAL |
| campo de control de longitud fija |
ta |
| 008 - DATOS DE LONGITUD FIJA--INFORMACIÓN GENERAL |
| campo de control de longitud fija |
260410b ve ||||| |||| 00| 0 spa d |
| 020 ## - ISBN |
| Número Internacional Estándar del Libro |
8480881380 |
| 040 ## - FUENTE DE LA CATALOGACIÓN |
| Centro catalogador/agencia de origen |
vecauma |
| Lengua de catalogación |
spa |
| Centro/agencia transcriptor |
vecauma |
| Centro/agencia modificador |
vecauma |
| Normas de descripción |
rda |
| 041 ## - CÓDIGO DE LENGUA |
| Código de lengua del recurso |
spa |
| 100 1# - AUTOR PERSONAL |
| Término indicativo de función/relación |
autor |
| 245 1# - MENCIÓN DE TÍTULO |
| Título |
Manual del consultor de Marketing |
| Mención de responsabilidad, etc. |
/ Lorenzo Iniesta |
| 264 ## - PRODUCCIÓN, PUBLICACIÓN, DISTRIBUCIÓN, FABRICACIÓN Y COPYRIGHT |
| Producción, publicación, distribución, fabricación y copyright |
España: |
| Nombre del de productor, editor, distribuidor, fabricante |
Ediciones gestió 2000, S.A,; |
| Fecha de producción, publicación, distribución, fabricación o copyright |
1997. |
| 300 ## - DESCRIPCIÓN FÍSICA |
| Extensión |
162 páginas. |
| 336 ## - TIPO DE CONTENIDO |
| Término de tipo de contenido |
texto |
| Código de tipo de contenido |
txt |
| Fuente |
rdacontenido |
| 337 ## - TIPO DE MEDIO |
| Nombre/término del tipo de medio |
no mediado |
| Código del tipo de medio |
n |
| Fuente |
rdamedio |
| 338 ## - TIPO DE SOPORTE |
| Nombre/término del tipo de soporte |
volumen |
| Código del tipo de soporte |
nc |
| Fuente |
rdasoporte |
| 505 0# - NOTA DE CONTENIDO CON FORMATO |
| Nota de contenido con formato |
Perfil y papel del consultor de marketing /<br/>Diagnóstico de los problemas del empresario-cliente /<br/>Los instrumentos del consultor de marketing /<br/>Las entrevistas y el acuerdo final con el cliente /<br/>La enseñanza del marketing: una atractiva opción del consultor /<br/>Esquema básico para proyectos de negocio. Área de marketing /<br/>Modelaje / |
| 520 3# - SUMARIO, ETC. |
| Sumario, etc. |
El marketing es una de las claves del éxito de cualquier empresa, por lo que requiere la máxima dedicación y la intervención de verdaderos expertos. Este libro propone conceptos, planteamientos y herramientas que pueden ser de gran ayuda, tanto para directivos de marketing como consultores de esta especialidad. En el Manual del Consultor de Marketing el autor, verdadero experto en la materia, expone e integra toda su experiencia en el área de marketing.<br/><br/>Lorenzo Iniesta es Licenciado en Derecho y Master en marketing y Dirección Comercial. Es consultor y profesor de marketing de varias universidades y escuelas de negocios españolas e internacionales. Ha desempeñado puestos de dirección general y dirección de marketing en varias empresas. |
| 942 #1 - ELEMENTOS DE ENTRADA AGREGADA (KOHA) |
| Fuente del sistema de clasificación o colocación |
Library of Congress Classification |
| Ocultar en OPAC |
No |
| Tipo de ítem Koha |
Libros |